Photogrammetry (Record no. 17396)

000 -LEADER
fixed length control field 00483nam a22001937a 4500
001 - CONTROL NUMBER
control field 17396
003 - CONTROL NUMBER IDENTIFIER
control field BD-DhUET
008 - FIXED-LENGTH DATA ELEMENTS--GENERAL INFORMATION
fixed length control field 150323b xxu||||| |||| 00| 0 eng d
040 ## - CATALOGING SOURCE
Transcribing agency 0
Modifying agency BD-DhUET
082 ## - DEWEY DECIMAL CLASSIFICATION NUMBER
Classification number 526.982
Item number MOF/1959
100 ## - MAIN ENTRY--PERSONAL NAME
Personal name Moffitt, Francis H.
245 ## - TITLE STATEMENT
Title Photogrammetry
250 ## - EDITION STATEMENT
Edition statement 1st ed.
260 ## - PUBLICATION, DISTRIBUTION, ETC. (IMPRINT)
Place of publication, distribution, etc. Scranton
Name of publisher, distributor, etc. International Textbook
Date of publication, distribution, etc. 1959
300 ## - PHYSICAL DESCRIPTION
Extent xi, 455 p.
Other physical details ill.
504 ## - BIBLIOGRAPHY, ETC. NOTE
Bibliography, etc Includes bibliographies
650 #0 - SUBJECT ADDED ENTRY--TOPICAL TERM
Topical term or geographic name as entry element Photogrammetry
942 ## - ADDED ENTRY ELEMENTS (KOHA)
Koha item type General Book
Holdings
Sublocation or collection (holding branch) Koha full call number Lost status Withdrawn status Shelving location Damaged status Koha item type Piece designation (barcode) Koha normalized classification for sorting Price effective from Date acquired Copy number Source of classification or shelving scheme Not for loan Location (home branch) Koha date last seen
Central Library, BUET526.982/MOF/1959  Circulation section General Book4175526_982000000000000_MOF_19592015-03-232015-03-231  Central Library, BUET2015-03-23
Central Library, BUET526.982/MOF/1959  Circulation section General Book2177526_982000000000000_MOF_19592015-03-242015-03-242  Central Library, BUET2015-03-24
Central Library, BUET526.982/MOF/1959  Circulation section General Book2179526_982000000000000_MOF_19592015-03-242015-03-243  Central Library, BUET2015-03-24
Central Library, BUET526.982/MOF/1959  Reading section Reading Item2180526_982000000000000_MOF_19592015-06-252015-06-254  Central Library, BUET2015-06-25